Grape Disease Detection Using Machine Learning
Salvato in:
| Autore principale: | |
|---|---|
| Altri autori: | |
| Natura: | Manoscritto Libro |
| Lingua: | slovacco inglese |
| Pubblicazione: |
2025
|
| Soggetti: | |
| Accesso online: | http://is.stuba.sk/zp/portal_zp.pl?podrobnosti=175291 |
| Tags: |
Nessun Tag, puoi essere il primo ad aggiungerne!!
|
MARC
| LEADER | 00000ntm a22000003a 4500 | ||
|---|---|---|---|
| 001 | stuzp102905 | ||
| 003 | SK-STU | ||
| 005 | 20250614211749.3 | ||
| 007 | ta | ||
| 008 | 150427s2015----xo-----f-mn---000-0-slo-d | ||
| 040 | |a STU |b slo | ||
| 041 | 0 | |a eng | |
| 100 | 1 | |a Kačmár, Adam |u 070400 |4 aut |U FIIT Fakulta informatiky a informačných technológií |T FIIT Ústav počítačového inžinierstva a aplikovanej informatiky |X 120814 |U I400 |Y 672 |7 120814 | |
| 242 | 0 | 1 | |a Detecia chorôb hrozna s použitím počítačového videnia |y slo |
| 245 | 1 | 0 | |a Grape Disease Detection Using Machine Learning |
| 260 | |c 2025 | ||
| 650 | 4 | |a vision transformer |2 eng | |
| 650 | 4 | |a grape leaf diseases |2 eng | |
| 650 | 4 | |a image classification |2 eng | |
| 650 | 4 | |a computer vision |2 eng | |
| 650 | 4 | |a deep learning |2 eng | |
| 650 | 4 | |a vision transformer |2 slo | |
| 650 | 4 | |a hlboké učenie |2 slo | |
| 650 | 4 | |a choroby listov hrozno |2 slo | |
| 650 | 4 | |a klasifikácia obrázkov |2 slo | |
| 650 | 4 | |a počítačové videnie |2 slo | |
| 700 | 1 | |a Brach, William |u 070400 |k Z3 |4 ths |U FIIT Fakulta informatiky a informačných technológií |T FIIT Ústav počítačového inžinierstva a aplikovanej informatiky |X 85785 |U I400 |Y 672 |7 85785 | |
| 856 | 4 | |u http://is.stuba.sk/zp/portal_zp.pl?podrobnosti=175291 | |